[Event "Open Aeroflot"]
[Site "Mosca RUS"]
[Date "2007.02.19"]
[Round "6"]
[White "Dyachkov, S."]
[Black "Anastasian, A."]
[Result "1-0"]
[WhiteElo "2554"]
[BlackElo "2587"]
[PlyCount "57"]
[EventDate "2007.02.14"]
[Source "www.chesslib.no"]
[SourceDate "2004.05.04"]

1. Nf3 Nf6 2. c4 c5 3. Nc3 d5 4. cxd5 Nxd5 5. e4 Nb4 6. Bc4 Nd3+ 7. Ke2 Nf4+ 8. Kf1 Ne6 9. b4 Nc6 10. bxc5 g6 11. Bxe6 Bxe6 12. d4 Bg7 13. Be3 O-O 14. Rc1 Qa5 15. Ne2 Bxa2 16. d5 Rfd8 17. Bd2 Qa3 18. dxc6 bxc6 19. Qe1 Bb2 20. Rc2 Qb3 21. Rxb2 Qxb2 22. g3 Bc4 23. Kg2 Bxe2 24. Qxe2 a5 25. Qe3 Qc2 26. h4 Rd3 27. Qh6 Qb2 28. e5 Rad8 29. Ng5 1-0

[Event "WCC"]
[Site "?"]
[Date "2005.12.02"]
[Round "2.4"]
[White "Pantsulaia Levan"]
[Black "Ganguly Surya Shekhar"]
[Result "1/2-1/2"]
[WhiteElo "2578"]
[BlackElo "2562"]
[PlyCount "114"]
[EventDate "2005.??.??"]
[Source "www.chesslib.no"]
[SourceDate "2004.05.04"]

1. Nf3 Nf6 2. c4 c5 3. Nc3 d5 4. cxd5 Nxd5 5. g3 Nc6 6. Bg2 Nc7 7. O-O e5 8. d3 Be7 9. Be3 O-O 10. Rc1 b6 11. a3 Bb7 12. Nxe5 Nxe5 13. Bxb7 Rb8 14. Bg2 Ne6 15. Nd5 Bd6 16. d4 Ng4 17. dxc5 bxc5 18. Qd2 Nxe3 19. Nxe3 Nd4 20. Nc4 Qf6 21. e3 Nf5 22. Nxd6 Nxd6 23. Rxc5 Rxb2 24. Qc3 Qxc3 25. Rxc3 Nb5 26. Rc5 g6 27. a4 Na3 28. Ra5 Rd8 29. Bd5 Rd7 30. Rc1 Nc2 31. Rc5 Nb4 32. e4 Rd6 33. Rb5 Rf6 34. f4 g5 35. Rf1 gxf4 36. Rxf4 Rxf4 37. gxf4 a5 38. Rxa5 Nd3 39. Ra8+ Kg7 40. Ra7 Rb1+ 41. Kg2 Nxf4+ 42. Kf3 Rf1+ 43. Kg4 Nd3 44. a5 Ne5+ 45. Kg3 h5 46. a6 h4+ 47. Kg2 Ra1 48. Kh3 Kf6 49. Kxh4 Rg1 50. Rxf7+ Nxf7 51. a7 Ne5 52. a8=Q Ng6+ 53. Kh5 Nf4+ 54. Kh6 Rg6+ 55. Kh7 Rg7+ 56. Kh6 Rg6+ 57. Kh7 Ke5 1/2-1/2

[Event "URS-FL"]
[Site "Baku"]
[Date "1977.??.??"]
[Round "4"]
[White "Vaganian, Rafael A"]
[Black "Tseshkovsky, Vitaly"]
[Result "0-1"]
[WhiteElo "2545"]
[BlackElo "2590"]
[PlyCount "102"]
[EventDate "1977.??.??"]
[Source "ChessBase"]

1. Nf3 Nf6 2. c4 c5 3. Nc3 d5 4. cxd5 Nxd5 5. g3 Nc6 6. Bg2 Nc7 7. Qa4 Bd7 8. Qe4 g6 9. Ne5 Bg7 10. Nxd7 Qxd7 11. Qa4 O-O 12. Bxc6 bxc6 13. d3 Nb5 14. Bd2 Rfb8 15. Rc1 Nxc3 16. bxc3 Rb2 17. Rc2 Rxc2 18. Qxc2 Qh3 19. Be3 Qg2 20. Rf1 Rb8 21. h4 h5 22. Qc1 c4 23. Kd2 Qd5 24. Qc2 Qa5 25. Rb1 Bxc3+ 26. Kd1 Rxb1+ 27. Qxb1 cxd3 28. exd3 a6 29. Qb8+ Kg7 30. Qb3 Bf6 31. a4 Qc3 32. Qxc3 Bxc3 33. Kc2 Bb4 34. Kb3 Bd6 35. Kc4 Kf6 36. Bc5 Bc7 37. Be3 Bd6 38. Bc5 Bc7 39. Be3 Ke6 40. Kc5 Kd7 41. Bg5 Ba5 42. Bf4 f6 43. d4 Bc3 44. d5 cxd5 45. Kxd5 Bb4 46. Bh6 e6+ 47. Ke4 Bc5 48. f4 Ke7 49. Kf3 Kf7 50. g4 hxg4+ 51. Kxg4 Be7 0-1

[Event "Buenos Aires"]
[Site "Buenos Aires"]
[Date "1980.??.??"]
[Round "?"]
[White "Olafsson, Fridrik"]
[Black "Ljubojevic, Ljubomir"]
[Result "1/2-1/2"]
[WhiteElo "2545"]
[BlackElo "2590"]
[PlyCount "42"]
[EventDate "1980.10.??"]
[Source "ChessBase"]

1. Nf3 c5 2. c4 Nf6 3. Nc3 d5 4. cxd5 Nxd5 5. d4 Nxc3 6. bxc3 g6 7. h4 Bg7 8. h5 cxd4 9. cxd4 Nc6 10. e3 e5 11. h6 Bf6 12. dxe5 Qxd1+ 13. Kxd1 Nxe5 14. Bb2 Bg4 15. Bb5+ Ke7 16. Ke2 a6 17. Ba4 Nc4 18. Bxf6+ Kxf6 19. Bb3 Rac8 20. Rad1 Na5 21. Rh4 Nxb3 1/2-1/2

[Event "Calviá ol (Men)"]
[Site "Mallorca"]
[Date "2004.10.23"]
[Round "8.8"]
[White "Nogueiras, Jesus"]
[Black "Xu Jun"]
[Result "1/2-1/2"]
[WhiteElo "2546"]
[BlackElo "2589"]
[PlyCount "89"]
[EventDate "2004.10.15"]
[Source "Roberto Alvarez"]
[SourceDate "2004.10.25"]

1. Nf3 c5 2. c4 Nf6 3. Nc3 d5 4. cxd5 Nxd5 5. e3 Nxc3 6. dxc3 Qxd1+ 7. Kxd1 Bf5 8. Nd2 Nd7 9. e4 Bg6 10. Kc2 O-O-O 11. a4 e6 12. f3 f5 13. exf5 Bxf5+ 14. Bd3 Ne5 15. Bxf5 exf5 16. f4 Ng4 17. Nc4 Re8 18. Bd2 Re4 19. b3 Be7 20. h3 Nf6 21. g4 g6 22. gxf5 gxf5 23. Rhg1 Rd8 24. Rae1 Rxe1 25. Bxe1 Rg8 26. Rxg8+ Nxg8 27. Ne3 Nh6 28. Nd5 Ng8 29. Kd3 Kd7 30. Kc4 Kc6 31. b4 cxb4 32. cxb4 Bd6 33. b5+ Kd7 34. Bf2 Bb8 35. Be3 Ke6 36. a5 Nh6 37. a6 Nf7 38. Nc3 b6 39. Kd3 Nd6 40. Bc1 Bc7 41. Be3 Nc8 42. Ne2 Kd5 43. Nc3+ Ke6 44. Ne2 Kd5 45. Nc3+ 1/2-1/2

[Event "EU-chT (Men)"]
[Site "Leon"]
[Date "2001.11.07"]
[Round "2.1"]
[White "Andersson, Ulf"]
[Black "Mikhalchishin, Adrian"]
[Result "1/2-1/2"]
[WhiteElo "2601"]
[BlackElo "2533"]
[PlyCount "71"]
[EventDate "2001.11.06"]
[Source "ChessBase"]
[SourceDate "2001.02.01"]

1. Nf3 Nf6 2. c4 c5 3. Nc3 d5 4. cxd5 Nxd5 5. d4 Nxc3 6. bxc3 g6 7. g3 Bg7 8. Bg2 Nc6 9. O-O Qa5 10. Be3 O-O 11. d5 Ne5 12. Nxe5 Bxe5 13. Rc1 Bxc3 14. Bxc5 Qxc5 15. Qb3 Bd7 16. Rxc3 Qd6 17. Qxb7 Rfb8 18. Qc7 Rb2 19. e4 Rc8 20. Qxd6 exd6 21. Rxc8+ Bxc8 22. Rc1 Bd7 23. a3 Ra2 24. Bf1 Rxa3 25. Rc7 Bg4 26. h3 Bf3 27. Bg2 Bxg2 28. Kxg2 Kf8 29. Rd7 Ra6 30. Kf3 Ke8 31. Rb7 Ra2 32. h4 a5 33. Ra7 a4 34. Ra8+ Ke7 35. Ra7+ Ke8 36. Ra8+ 1/2-1/2

[Event "Mitropa Cup"]
[Site "Baden"]
[Date "1999.04.07"]
[Round "6"]
[White "Stangl, Markus"]
[Black "Palac, Mladen"]
[Result "1-0"]
[WhiteElo "2545"]
[BlackElo "2589"]
[PlyCount "93"]
[EventDate "1999.04.??"]
[Source "ChessBase"]
[SourceDate "1999.08.01"]

1. Nf3 Nf6 2. c4 c5 3. Nc3 d5 4. cxd5 Nxd5 5. d4 Nxc3 6. bxc3 g6 7. Bf4 Bg7 8. e3 Qa5 9. Qd2 Nc6 10. Rb1 cxd4 11. cxd4 O-O 12. Bd3 b6 13. Be4 Bb7 14. Qxa5 Nxa5 15. Bxb7 Nxb7 16. Ke2 Rfc8 17. Rhc1 Kf8 18. h4 Ke8 19. h5 f6 20. g4 g5 21. Bg3 e6 22. Nd2 h6 23. f4 gxf4 24. Bxf4 e5 25. Bg3 exd4 26. exd4 f5 27. gxf5 Bxd4 28. Bf4 Kf7 29. Bxh6 Kf6 30. Rf1 Nc5 31. Rb4 Re8+ 32. Kf3 Rad8 33. Nb3 Nxb3 34. axb3 Rh8 35. Bc1 Rxh5 36. Kg4 Bc5 37. Re4 Rhh8 38. Bb2+ Kf7 39. Bxh8 Rxh8 40. Rd1 Rg8+ 41. Kf4 a5 42. Rd7+ Kf8 43. Rd8+ Kf7 44. Rxg8 Kxg8 45. f6 Kf7 46. Kf5 Ba3 47. Rh4 1-0

[Event "Buenos Aires ol (Men)"]
[Site "Buenos Aires ARG"]
[Date "1978.??.??"]
[Round "7"]
[White "Andersson, Ulf"]
[Black "Timman, Jan H"]
[Result "1/2-1/2"]
[WhiteElo "2545"]
[BlackElo "2585"]
[PlyCount "39"]
[EventDate "1978.10.25"]
[Source "www.chesslib.no"]
[SourceDate "2004.05.04"]

1. Nf3 c5 2. c4 Nf6 3. Nc3 d5 4. cxd5 Nxd5 5. e3 Nxc3 6. dxc3 Qxd1+ 7. Kxd1 Nc6 8. e4 g6 9. Be3 b6 10. Bb5 Bd7 11. a4 Bg7 12. Kc2 Ne5 13. Nd2 Ng4 14. Nc4 Nxe3+ 15. Nxe3 O-O-O 16. Rhd1 Be6 17. a5 Rxd1 18. Rxd1 Rd8 19. Nd5 Kb7 20. a6+ 1/2-1/2